| 000 | 02506 a2200313 4500 | ||
|---|---|---|---|
| 003 | PE-LiUPU | ||
| 005 | 20250731183447.0 | ||
| 008 | 231218b |||||||| |||| 00| 0 spa d | ||
| 020 | _a9789587741629 | ||
| 040 |
_bspa _cPE-LiUPU _dPE-LiUPU _erda |
||
| 082 |
_223 _a711.4098525 _bE96 |
||
| 245 | 1 | 4 |
_aThe Experimental Housing Project (PREVI), Lima == El proyecto experimental de vivienda (PREVI), Lima : _bDesign and Technology in a New Neighborhood == Diseño y tecnología en un nuevo barrio / _cPeter Land... [et. al.]; traducción por Peter Land y Marietta Land. |
| 250 | _aPrimera edición. | ||
| 264 |
_a[Bogotá] : _bUniversidad de los Andes. Facultad de Arquitectura y Diseño, Departamento de Arquitectura, _c2015. |
||
| 300 |
_a535 páginas : _bilustraciones, fotos en negro, planos ; _c28 centímetros. |
||
| 505 | _aPREVI, COmments in retrospect | PREVI, Comentarios en retrospectiva -- Learning from PREVI | Aprendiendo de PREVI -- PREVI, a time-defying idea |PREVI, una idea que desafia el tiempo -- PREVI 50 years later. The contribution of Peter Land | PREVi cincuenta años después: el aporte de Peter Land -- The Experimental Housing Project | El Proyecto Experimental de Vivienda -- International designs. Competition projects, built prajects. Houses, clusters, technologies Diseños internacionales. Proyectos del concurso, proyectos construidos. Casas, agrupaciones, tecnologias -- Peru designs. Competition projects, built projects. Houses, clusters, technologies Diseños peruanos. Proyectos del concurso, provectos construidos, Ca_as, agrupaciones, tecnologias -- Pilot project in self-help building | Proyecto piloto de construcción en autoayuda -- Urban form research | Investigación de la forma urbana Annex: PREVI and Universidad de los Andes | Anexo: PREVI y la Universidad de los Andes -- About the contributors | Sohre los autores. | ||
| 526 | _aP158 | ||
| 526 | _aP146 | ||
| 526 | _aP17 | ||
| 526 | _aP12 | ||
| 526 | _aP06 | ||
| 650 | 1 | 0 |
_aArquitectura doméstica _zLima _zPerú. _93375 |
| 650 | 1 | 4 |
_aViviendas sociales _9550 |
| 700 |
_aLand, Peter _eautor. _93421 |
||
| 710 |
_aUniversidad de los Andes (Colombia). _bFacultad de Arquitectura y Diseño. Departamento de Arquitectura. _93422 |
||
| 942 |
_cBK _2ddc |
||
| 980 |
_621515 _aDIGNA BRAÑES Analista Documental _81 _gALBERTO SANCHEZ Responsable de Automatización |
||
| 999 |
_c62115 _d62114 |
||